| 000 | 00000nam##2200000za#4500 |
| 001 | 9.569830 |
| 003 | CaOODSP |
| 005 | 20210624181944 |
| 007 | cr ||||||||||| |
| 008 | 150406|1997||||xxc|||||o f|0| 0 eng|d |
| 040 | |aCaOODSP|beng |
| 043 | |an-cn--- |
| 086 | 1 |aNH18-1-2/19-1997E-PDF |
| 110 | 2 |aCanada Mortgage and Housing Corporation. |
| 245 | 10|aNeighbourhood group homes for the elderly : |h[electronic resource]|bthe planning, design and development process / |cby Mary Ann Clarke Scott. |
| 260 | |aOttawa - Ontario : |bCanada Mortgage and Housing Corporation |cDecember 1997. |
| 300 | |a186p.|bfigs., tables, photographs |
| 490 | 1 |aResearch report |
| 500 | |a"Revised, December 1997"--p.5 of 186. |
| 504 | |aBibliography. |
| 546 | |a(Résumé en français.) |
| 590 | |a11-06-Supp|b2011-04-14 |
| 720 | 1 |aClarke Scott, Mary Ann |
| 830 | #0|aResearch report (Canada Mortgage and Housing Corporation : Online)|w(CaOODSP)9.506068 |
| 856 | 40|ahttp://publications.gc.ca|qPDF|s3.23 MB|uhttps://publications.gc.ca/collections/collection_2011/schl-cmhc/nh18-1-2/NH18-1-2-19-1997-eng.pdf |